Cities closest to Rome - Statistics

General Stats
  • This quiz has been taken 28 times
  • The average score is 11 of 15
Answer Stats
Distance (km) Answer % Correct
478 Milan
100%
189 Naples
96%
525 Turin
89%
765 Vienna
89%
600 Marseille
81%
700 Munich
81%
521 Zagreb
81%
401 Genoa
78%
425 Palermo
67%
614 Tirana
63%
727 Belgrade
59%
812 Budapest
56%
598 Tunis
56%
809 Stuttgart
48%
851 Nuremberg
30%
No matching quizzes found
Score Distribution
Percent of People with Each Score
Percentile by Number Answered
Your Score History
You have not taken this quiz